Health Education and Community Pharmacy (Record no. 10433)
[ view plain ]
| 000 -LEADER | |
|---|---|
| fixed length control field | 00404nam a22001697a 4500 |
| 003 - CONTROL NUMBER IDENTIFIER | |
| control field | OSt |
| 008 - FIXED-LENGTH DATA ELEMENTS--GENERAL INFORMATION | |
| fixed length control field | 210209b ||||| |||| 00| 0 eng d |
| 020 ## - INTERNATIONAL STANDARD BOOK NUMBER | |
| International Standard Book Number | 9788123923192 |
| 082 ## - DEWEY DECIMAL CLASSIFICATION NUMBER | |
| Classification number | 615.1 JAH |
| 100 ## - MAIN ENTRY--PERSONAL NAME | |
| Personal name | Jain,NK |
| 245 ## - TITLE STATEMENT | |
| Title | Health Education and Community Pharmacy |
| 250 ## - EDITION STATEMENT | |
| Edition statement | 2nd |
| 260 ## - PUBLICATION, DISTRIBUTION, ETC. (IMPRINT) | |
| Place of publication, distribution, etc | New Delhi |
| Name of publisher, distributor, etc | CBS Pub |
| Date of publication, distribution, etc | 2019 |
| 300 ## - PHYSICAL DESCRIPTION | |
| Extent | 274 |
| 650 ## - SUBJECT ADDED ENTRY--TOPICAL TERM | |
| Topical term or geographic name as entry element | Community Pharmacy |
| 942 ## - ADDED ENTRY ELEMENTS (KOHA) | |
| Source of classification or shelving scheme | Dewey Decimal Classification |
| Koha item type | Text Books |
| 942 ## - ADDED ENTRY ELEMENTS (KOHA) | |
| -- | 1 |
| Withdrawn status | Lost status | Source of classification or shelving scheme | Damaged status | Not for loan | Collection code | Home library | Current library | Date acquired | Source of acquisition | Currency | Cost, normal purchase price | Bill Number | Total Checkouts | Full call number | Acc. no. / Barcode | Date last seen | Date last borrowed | Actual Cost, discounted price | Bill Date | Koha item type |
|---|---|---|---|---|---|---|---|---|---|---|---|---|---|---|---|---|---|---|---|---|
| Dewey Decimal Classification | Diploma in Pharmacy | PIET C-LIBRARY | PIET C-LIBRARY | 02/02/2021 | Kirti Praskshan | IN Rupees | 340.00 | IN1457 | 1 | 615.1 JAH | DP871 | 20/07/2022 | 18/07/2022 | 219.30 | 02/02/2021 | Text Books | ||||
| Dewey Decimal Classification | Diploma in Pharmacy | PIET C-LIBRARY | PIET C-LIBRARY | 02/02/2021 | Kirti Praskshan | IN Rupees | 340.00 | IN1457 | 615.1 JAH | DP872 | 09/02/2021 | 219.30 | 02/02/2021 | Text Books | ||||||
| Dewey Decimal Classification | Diploma in Pharmacy | PIET C-LIBRARY | PIET C-LIBRARY | 02/02/2021 | Kirti Praskshan | IN Rupees | 340.00 | IN1457 | 1 | 615.1 JAH | DP873 | 04/07/2022 | 21/06/2022 | 219.30 | 02/02/2021 | Text Books | ||||
| Dewey Decimal Classification | Diploma in Pharmacy | PIET C-LIBRARY | PIET C-LIBRARY | 02/02/2021 | Kirti Praskshan | IN Rupees | 340.00 | IN1457 | 615.1 JAH | DP874 | 09/02/2021 | 219.30 | 02/02/2021 | Text Books | ||||||
| Dewey Decimal Classification | Diploma in Pharmacy | PIET C-LIBRARY | PIET C-LIBRARY | 02/02/2021 | Kirti Praskshan | IN Rupees | 340.00 | IN1457 | 615.1 JAH | DP875 | 09/02/2021 | 219.30 | 02/02/2021 | Text Books |